000
00299nam a2200121Ia 4500
008
190723s9999 xx 000 0 und d
020
_a
978-0-19-597804-9
100
_a
D.H Howe
245
0
_a
English for Undergraduates
260
_a
Karachi
_b
Oxford Uni Press
_c
2016
300
_a
208.:p
942
_c
BK
999
_c
1736
_d
1736